Funkce kulturních modelů ve vzdělávání / Dana Bittnerová, David Doubek, Markéta Levínská z Pražské skupiny školní etnografie
Text je zaměřen na oblast vzdělávání Romů. Z pozic kognitivní antropologie řeší problém segregace romských žáků v rámci vzdělávacího systému majority. Příčinu vidí v krizi důvěry, v procesu distanciace Romů.
Record details
- ISBN: 978-80-87398-18-0 (brož.)
- Physical Description: 308 s. : il. ; 21 cm
- Edition: Vyd. 1.
- Publisher: V Praze : Fakulta humanitních studií Univerzity Karlovy, 2011
Content descriptions
| General Note: | Terminologický slovník |
| Bibliography, etc. Note: | Obsahuje bibliografii a bibliografické odkazy |
| Language Note: | Anglické resumé |
Search for related items by subject
| Genre: | kolektivní monografie collective monographs |
Available copies
- 3 of 3 copies available at Common Catalog SPOK.
Holds
- 0 current holds with 3 total copies.
Show Only Available Copies
| Location | Call Number / Copy Notes | Barcode | Shelving Location | Status | Due Date |
|---|---|---|---|---|---|
| Jabok Library | Soc-6.4.3
Pořízeno z projektu Škola jako místo, kde se vzdělává a žije: CZ.07.4.68/0.0/0.0/16_037/0000325
|
424480040680 | Odborná literatura | Available | - |
| Varianty | Cho Bi | 4605401227 | Šafaříkova 17 - 5. patro, chodba | Available | - |
| Varianty | IKV Bi | 4605400166 | Šafaříkova 17 - 5. patro, IKV | Available | - |
| LDR | 03823cam a2200997 a 4500 | ||
|---|---|---|---|
| 001 | 30280 | ||
| 003 | CZ-PrJAB | ||
| 005 | 20190320135538.0 | ||
| 007 | ta | ||
| 008 | 120221s2011 xr a f 000 0 cze | ||
| 015 | . | ‡acnb002268812 | |
| 020 | . | ‡a978-80-87398-18-0 (brož.) | |
| 035 | . | ‡a(CZ-PrJAB)19255 | |
| 035 | . | ‡a(CZ PrSKC)nkc20122268812 | |
| 035 | . | ‡a(OCoLC)791312625 | |
| 040 | . | ‡aABA001 ‡bcze | |
| 041 | 0 | . | ‡acze ‡beng |
| 043 | . | ‡ae-xr--- | |
| 045 | . | ‡ay0y0 | |
| 072 | 7. | ‡a316.4/.7 ‡xSociální interakce ‡2Konspekt ‡918 | |
| 080 | . | ‡a(=214.58) ‡2MRF | |
| 080 | . | ‡a316.62 ‡2MRF | |
| 080 | . | ‡a364.624.4 ‡2MRF | |
| 080 | . | ‡a316.732 ‡2MRF | |
| 080 | . | ‡a173.5/.7 ‡2MRF | |
| 080 | . | ‡a37.0 ‡2MRF | |
| 080 | . | ‡a371.012:39 ‡2MRF | |
| 080 | . | ‡a572.026 ‡2MRF | |
| 080 | . | ‡a(437.3) ‡2MRF | |
| 080 | . | ‡a(048.8:082) ‡2MRF | |
| 100 | 1 | . | ‡aBittnerová, Dana, ‡d1966- ‡7mzk2004230807 ‡4aut |
| 245 | 1 | 0. | ‡aFunkce kulturních modelů ve vzdělávání / ‡cDana Bittnerová, David Doubek, Markéta Levínská z Pražské skupiny školní etnografie |
| 250 | . | ‡aVyd. 1. | |
| 260 | . | ‡aV Praze : ‡bFakulta humanitních studií Univerzity Karlovy, ‡c2011 | |
| 300 | . | ‡a308 s. : ‡bil. ; ‡c21 cm | |
| 500 | . | ‡aTerminologický slovník | |
| 504 | . | ‡aObsahuje bibliografii a bibliografické odkazy | |
| 520 | . | ‡aText je zaměřen na oblast vzdělávání Romů. Z pozic kognitivní antropologie řeší problém segregace romských žáků v rámci vzdělávacího systému majority. Příčinu vidí v krizi důvěry, v procesu distanciace Romů. | |
| 546 | . | ‡aAnglické resumé | |
| 648 | 4. | ‡a2011 | |
| 648 | 7. | ‡a21. stol. ‡7ch460559 ‡2czenas | |
| 650 | 0 | 7. | ‡aRomové ‡7ph118051 ‡zČesko ‡y21. stol. ‡2czenas |
| 650 | 0 | 7. | ‡asociální chování ‡7ph125776 ‡zČesko ‡2czenas |
| 650 | 0 | 7. | ‡asociální vyloučení ‡7ph164936 ‡zČesko ‡2czenas |
| 650 | 0 | 7. | ‡akulturní integrace ‡7ph276832 ‡zČesko ‡2czenas |
| 650 | 0 | 7. | ‡arodiče a děti ‡7ph116053 ‡2czenas |
| 650 | 0 | 7. | ‡avýchova a vzdělávání ‡7ph127419 ‡2czenas |
| 650 | 0 | 7. | ‡aškolní etnografie ‡7ph127806 ‡2czenas |
| 650 | 0 | 7. | ‡akulturní antropologie ‡7ph122018 ‡2czenas |
| 650 | 0 | 9. | ‡aRomanies ‡zCzechia ‡y21st century ‡2eczenas |
| 650 | 0 | 9. | ‡asocial behavior ‡zCzechia ‡2eczenas |
| 650 | 0 | 9. | ‡asocial exclusion ‡zCzechia ‡2eczenas |
| 650 | 0 | 9. | ‡acultural integration ‡zCzechia ‡2eczenas |
| 650 | 0 | 9. | ‡aparents and children ‡2eczenas |
| 650 | 0 | 9. | ‡aeducation ‡2eczenas |
| 650 | 0 | 9. | ‡aschool etnography ‡2eczenas |
| 650 | 0 | 9. | ‡acultural anthropology ‡2eczenas |
| 653 | 0 | . | ‡avyloučené lokality |
| 655 | 7. | ‡akolektivní monografie ‡7fd501537 ‡2czenas | |
| 655 | 9. | ‡acollective monographs ‡2eczenas | |
| 700 | 1 | . | ‡aDoubek, David ‡7jx20120221008 ‡4aut |
| 700 | 1 | . | ‡aLevínská, Markéta ‡7jx20120221021 ‡4aut |
| 710 | 2 | . | ‡aPražská skupina školní etnografie ‡7kn20020321524 |
| 910 | . | ‡aABG312 | |
| 910 | . | ‡aABH006 | |
| 901 | . | ‡a30280 ‡b ‡c30280 ‡tbiblio | |